000
00261nam a22001217a 4500
008
170315b xxu||||| |||| 00| 0 eng d
041
_a
eng
080
_2
6TH
_a
611
100
_a
7
101
_a
SHM
245
_a
PRIMARY ANATOMY
_c
BASMAJIAN, J.V
942
_2
udc
_c
BK
999
_c
7893
_d
7893